[Event "Julian Mazur Memorial"]
[Site "Wellington Chess Club"]
[Date "2023.07.27"]
[Round "2.2"]
[White "Ker, Anthony"]
[Black "Tanoi, Edward"]
[Result "1-0"]
[WhiteElo "2399"]
[BlackElo "1934"]
[WhiteFideId "4300084"]
[BlackFideId "4302087"]
[PlyCount "0"]
[EventDate "2023.07.20"]
[SourceDate ""]

1. e4 c5 2. Nc3 Nc6 3. Bb5 Nd4 4. Nf3 Nf6 5. e5 Nxb5 6. exf6 Nxc3 7. fxg7 Bxg7
8. dxc3 O-O 9. Be3 b6 10. Qd5 Ba6 11. O-O-O d6 12. Rhe1 Qd7 13. Qh5 Bc4 14. Bh6
f6 15. Bxg7 Kxg7 16. Nh4 Be6 17. Rd3 Bf7 18. Nf5+ Kh8 19. Qh3 Be6 20. g4 Bxf5
21. gxf5 Rf7 22. Rg1 Rg8 23. Rxg8+ Kxg8 24. Qg2+ Rg7 25. Qd5+ Kf8 26. Rg3 Rg5
27. h4 Rg7 28. b3 b5 29. Kd2 a5 30. Ke3 c4 31. bxc4 bxc4 32. Qxa5 d5 33. Rxg7
Kxg7 34. Qc5 e5 35. fxe6 Qxe6+ 36. Kd2 Qd7 37. Qb4 Qa7 38. a4 Qxf2+ 39. Kc1
Qe1+ 40. Kb2 d4 41. Qxc4 dxc3+ 42. Qxc3 Qe4 43. a5 Qa4 44. Qc7+ Kg6 45. Qb6
Qxh4 46. a6 Qf4 47. a7 Qe5+ 48. c3 Qe2+ 49. Ka3 Qe1 50. Kb4 Qb1+ 51. Kc5 Qf5+
52. Kd6 Qe5+ 53. Kd7 Qd5+ 54. Ke7 Qf7+ 55. Kd6 Qf8+ 56. Kc6 Qe8+ 57. Kc5 Qe7+
58. Kb5 Qe5+ 59. Qc5 Qe8+ 60. Qc6 Qe5+ 61. Ka6 Qe2+ 62. c4 Qa2+ 63. Kb7 Qb3+
64. Qb5 Qf3+ 65. Qd5 Qb3+ 66. Kc8 Qa4 67. a8=Q Qe8+ 68. Kb7 1-0

[Event "Julian Mazur Memorial"]
[Site "Wellington Chess Club"]
[Date "2023.07.27"]
[Round "2.3"]
[White "Benitez, Edgar"]
[Black "Dive, Russell"]
[Result "0-1"]
[WhiteElo "1903"]
[BlackElo "2327"]
[WhiteFideId "4301315"]
[BlackFideId "4300106"]
[PlyCount "0"]
[EventDate "2023.07.20"]
[SourceDate ""]

1. d4 Nf6 2. c4 c5 3. e3 g6 4. Nf3 Bg7 5. Nc3 O-O 6. Be2 cxd4 7. exd4 d5 8.
cxd5 Nxd5 9. O-O Nc6 10. h3 h6 11. Bc4 Be6 12. Bb3 Na5 13. Bc2 Rc8 14. Ne4 b6
15. a3 Qc7 16. Bd3 Nf4 17. Ba6 Rcd8 18. Be3 Nb3 19. Rb1 Bf5 20. Qxb3 Bxe4 21.
Rbc1 Qd6 22. Bxf4 Qxf4 23. Qe3 g5 24. Ne5 Rxd4 25. Qxf4 gxf4 26. Nf3 Ra4 27.
Rc4 Rxc4 28. Bxc4 Bxb2 29. a4 Rc8 30. Ba6 Rc7 31. Re1 Bc2 32. Bb5 e6 33. Re2
Bf6 34. Ne5 Bxe5 35. Rxe5 Rc5 36. Re1 Kf8 37. Re2 Bb3 38. Rd2 Rd5 39. Rb2 Bd1
40. Rb4 e5 41. f3 Rd4 42. Rxd4 exd4 43. Kf2 Ke7 44. Ke1 Bc2 45. Kd2 Bf5 46. Bc4
f6 47. Bd5 Kd6 48. Be4 Bxe4 49. fxe4 Ke5 50. Kd3 a6 51. h4 h5 0-1

[Event "Julian Mazur Memorial"]
[Site "Wellington Chess Club"]
[Date "2023.07.27"]
[Round "2.4"]
[White "Winter, Ryan"]
[Black "Moses, Christopher"]
[Result "1-0"]
[WhiteElo "2256"]
[BlackElo "1879"]
[WhiteFideId "4306295"]
[BlackFideId "0"]
[PlyCount "0"]
[EventDate "2023.07.20"]
[SourceDate ""]

1. e4 c6 2. d4 d5 3. e5 c5 4. dxc5 Nc6 5. a3 Nxe5 6. b4 Bf5 7. Bb2 Nc4 8. Bc3
Nf6 9. Nd2 Nxd2 10. Bxd2 Ne4 11. Bc1 e5 12. Bb2 Qh4 13. Bb5+ Ke7 14. Qe2 Qg5
15. f3 f6 16. fxe4 Bxe4 17. Nf3 Qf4 18. O-O Qg4 19. Rae1 Qh5 20. Bd3 Bxd3 21.
Qxd3 Rd8 22. Nxe5 fxe5 23. Rxe5+ Kd7 24. Rxd5+ Bd6 25. Rxd6+ Kc8 26. c6 Rhf8
27. cxb7+ Kc7 28. Rxd8 1-0

[Event "Julian Mazur Memorial"]
[Site "Wellington Chess Club"]
[Date "2023.07.27"]
[Round "2.5"]
[White "Keith, Matthew"]
[Black "Archer, Ollie"]
[Result "0-1"]
[WhiteElo "1855"]
[BlackElo "2158"]
[WhiteFideId "4320913"]
[BlackFideId "4317262"]
[PlyCount "0"]
[EventDate "2023.07.20"]
[SourceDate ""]

1. e4 c6 2. d4 d5 3. e5 Bf5 4. Nf3 e6 5. Be2 Ne7 6. O-O c5 7. dxc5 Nec6 8. Be3
Nd7 9. Bb5 Bxc5 10. Bxc5 Nxc5 11. Nd4 O-O 12. Nxf5 exf5 13. f4 Qb6 14. Bxc6
Ne4+ 15. Kh1 bxc6 16. Nc3 Nf2+ 17. Rxf2 Qxf2 18. g3 Rab8 19. b3 Rb4 20. Ne2 Re4
21. Nc3 Rd4 22. Qg1 Rd2 23. Qxf2 Rxf2 24. Rc1 f6 25. Kg1 Rd2 26. Nb1 Rd4 27. c3
Re4 28. Kf2 fxe5 29. Nd2 exf4 30. Nxe4 fxe4 31. gxf4 Rxf4+ 32. Kg3 Rf3+ 33. Kg2
Rd3 34. Rc2 Kf7 35. Kf2 Ke6 36. a4 Ke5 37. b4 Kf4 38. a5 e3+ 39. Ke2 Rd2+ 40.
Rxd2 exd2 41. Kxd2 Ke4 42. h3 g5 43. Ke2 h5 0-1

[Event "Julian Mazur Memorial"]
[Site "Wellington Chess Club"]
[Date "2023.07.27"]
[Round "2.6"]
[White "Van der Hoorn, Thomas"]
[Black "Malcolm, Aidan"]
[Result "0-1"]
[WhiteElo "2138"]
[BlackElo "1831"]
[WhiteFideId "4314565"]
[BlackFideId "4315073"]
[PlyCount "0"]
[EventDate "2023.07.20"]
[SourceDate ""]

1. e4 e5 2. Nf3 Nc6 3. Bc4 Nf6 4. d3 Be7 5. O-O O-O 6. c3 d5 7. exd5 Nxd5 8.
Re1 Bg4 9. h3 Bh5 10. Nbd2 Nb6 11. Bb5 f6 12. Nf1 Be8 13. Ng3 a6 14. Bxc6 Bxc6
15. d4 Bd6 16. dxe5 fxe5 17. Ng5 Rxf2 18. Kxf2 Bc5+ 19. Be3 Bxe3+ 20. Rxe3 Qxg5
21. Qe1 Rd8 22. Kg1 Nc4 23. Re2 Rd3 24. Ne4 Qg6 25. b3 Nd6 26. Nxd6 cxd6 27.
Kh2 Re3 28. c4 Qe4 29. Qa5 Rxe2 30. Qd8+ Kf7 31. Rf1+ Kg6 32. Rf6+ gxf6 33.
Qg8+ Kh5 34. Qf7+ Qg6 0-1

[Event "Julian Mazur Memorial"]
[Site "Wellington Chess Club"]
[Date "2023.07.27"]
[Round "2.7"]
[White "Pollock, Gavin"]
[Black "Timergazi, Layla"]
[Result "0-1"]
[WhiteElo "1825"]
[BlackElo "2137"]
[WhiteFideId "4322185"]
[BlackFideId "4303733"]
[PlyCount "0"]
[EventDate "2023.07.20"]
[SourceDate ""]

1. e4 c6 2. d4 d5 3. f3 e6 4. Nc3 Bb4 5. Nh3 dxe4 6. fxe4 e5 7. Be3 Bxh3 8.
gxh3 Qh4+ 9. Bf2 Qxe4+ 10. Be2 Bxc3+ 11. bxc3 Nd7 12. Qd2 Ngf6 13. O-O-O O-O-O
14. Bd3 Qf3 15. Rde1 Nd5 16. Bg3 exd4 17. cxd4 Rhe8 18. Ref1 Qe3 19. Qxe3 Rxe3
20. Kd2 Rde8 21. Rxf7 R3e7 22. Rff1 Rf8 23. Rb1 g6 24. a4 a5 25. Bc4 N7f6 26.
Bd6 Ne4+ 0-1

[Event "Julian Mazur Memorial"]
[Site "Wellington Chess Club"]
[Date "2023.07.27"]
[Round "2.8"]
[White "Langford, Josh"]
[Black "de Maupeou d'Ableiges, Alexandre"]
[Result "1-0"]
[WhiteElo "2137"]
[BlackElo "1753"]
[WhiteFideId "4314557"]
[BlackFideId "4313585"]
[PlyCount "0"]
[EventDate "2023.07.20"]
[SourceDate ""]

1. e4 c5 2. Nf3 Nc6 3. d4 cxd4 4. Nxd4 e5 5. Nb5 d6 6. c4 Be6 7. Bd3 Be7 8. O-O
a6 9. N5c3 Bg5 10. Be3 Bxe3 11. fxe3 Nf6 12. Nd5 Bxd5 13. exd5 Ne7 14. Nc3 Ng6
15. Qe2 O-O 16. Rac1 Qe7 17. b4 e4 18. Bb1 Rae8 19. Rfd1 Qe5 20. Rd4 Nf4 21.
Qd2 Nd3 22. Bxd3 exd3 23. Re1 Qh5 24. Qxd3 Ng4 25. h3 f5 26. hxg4 fxg4 27. Qe2
Re5 28. Qxg4 Qh6 29. Re4 1-0

[Event "Julian Mazur Memorial"]
[Site "Wellington Chess Club"]
[Date "2023.07.27"]
[Round "2.9"]
[White "Saglam, Yigit"]
[Black "Cilia Vincenti, David"]
[Result "1/2-1/2"]
[WhiteElo "1775"]
[BlackElo "2124"]
[WhiteFideId "0"]
[BlackFideId "5600197"]
[PlyCount "0"]
[EventDate "2023.07.20"]
[SourceDate ""]

1. d4 f5 2. g3 Nf6 3. Bg2 e6 4. Nf3 d5 5. c4 Bd6 6. O-O O-O 7. c5 Be7 8. Ne5
Nfd7 9. f4 Nxe5 10. fxe5 b6 11. b4 a5 12. cxb6 axb4 13. bxc7 Qxc7 14. Nd2 Nc6
15. Nb3 Qb6 16. e3 Ba6 17. Re1 Na7 18. Bb2 Bc4 19. Bf1 Nb5 20. Qd2 Rfc8 21.
Rec1 Bxf1 22. Kxf1 Rc4 23. Qd3 Rac8 24. Nd2 Rxc1+ 25. Rxc1 Rxc1+ 26. Bxc1 Nc3
27. a3 Ne4 28. axb4 Qxb4 29. Nxe4 fxe4 30. Qd2 Qc4+ 31. Kf2 Bb4 32. Qb2 Kf7 33.
Bd2 Bxd2 34. Qxd2 Ke7 35. Qb2 Kd7 36. Qb7+ Qc7 37. Qb2 Kc8 38. Ke1 Qa5+ 39. Kd1
Kc7 40. Kc2 Kc6 41. Qc3+ Qxc3+ 42. Kxc3 Kb5 43. Kb3 g6 44. h3 h6 45. g4 g5 46.
Kc3 Ka4 47. Kc2 Ka3 48. Kc3 Ka4 49. Kc2 Ka3 50. Kc3 1/2-1/2

[Event "Julian Mazur Memorial"]
[Site "Wellington Chess Club"]
[Date "2023.07.27"]
[Round "2.10"]
[White "Young, Cohen"]
[Black "Stoeveken, Peter"]
[Result "1-0"]
[WhiteElo "2099"]
[BlackElo "1743"]
[WhiteFideId "4317440"]
[BlackFideId "4304098"]
[PlyCount "0"]
[EventDate "2023.07.20"]
[SourceDate ""]

1. e4 c5 2. Nf3 Nc6 3. d4 cxd4 4. Nxd4 e5 5. Nb5 a6 6. Nd6+ Bxd6 7. Qxd6 Qf6 8.
Qd1 Nge7 9. Nc3 O-O 10. h4 h6 11. Be3 Qg6 12. h5 Qe6 13. Nd5 Qd6 14. Nb6 Qxd1+
15. Rxd1 Rb8 16. Bc5 d6 17. Bxd6 Bg4 18. f3 Bxf3 19. gxf3 Rbd8 20. Bc4 Rfe8 21.
c3 Nc8 22. Nxc8 Rxc8 23. Bb3 1-0

[Event "Julian Mazur Memorial"]
[Site "Wellington Chess Club"]
[Date "2023.07.27"]
[Round "2.11"]
[White "Coates, Alex"]
[Black "Winsley, Nicholas"]
[Result "0-1"]
[WhiteElo "1745"]
[BlackElo "2061"]
[WhiteFideId "4311540"]
[BlackFideId "4315146"]
[PlyCount "0"]
[EventDate "2023.07.20"]
[SourceDate ""]

1. d4 d5 2. c4 c6 3. cxd5 cxd5 4. Bf4 Bf5 5. Nc3 Nc6 6. e3 Nf6 7. Rc1 a6 8. Bd3
Bxd3 9. Qxd3 e6 10. a3 Bd6 11. Bxd6 Qxd6 12. Nf3 O-O 13. O-O b5 14. b4 Nd7 15.
e4 Nb6 16. Rfe1 f6 17. exd5 exd5 18. Qf5 Rfe8 19. h4 Rac8 20. Ne2 Re7 21. Nf4
Rce8 22. Rxe7 Rxe7 23. Rc5 g6 24. Nxg6 hxg6 25. Qxg6+ Kf8 26. g3 Rg7 27. Qh6
Ne7 28. Qh8+ Rg8 29. Qh6+ Rg7 30. Ne5 Qe6 31. Rc7 Kg8 32. g4 Nf5 33. Rxg7+ Nxg7
34. Ng6 Qxg4+ 35. Kh2 Qh5 36. Ne7+ Kf7 0-1

[Event "Julian Mazur Memorial"]
[Site "Wellington Chess Club"]
[Date "2023.07.27"]
[Round "2.12"]
[White "Loke, Kayden"]
[Black "Ulm, Eric"]
[Result "1-0"]
[WhiteElo "2045"]
[BlackElo "1433"]
[WhiteFideId "4313186"]
[BlackFideId "0"]
[PlyCount "0"]
[EventDate "2023.07.20"]
[SourceDate ""]

1. c4 e6 2. g3 c6 3. Bg2 d5 4. cxd5 exd5 5. b3 Nf6 6. e3 Be7 7. Ne2 O-O 8. Bb2
Re8 9. d3 Na6 10. a3 Nc7 11. Nd2 c5 12. e4 d4 13. f4 Rb8 14. h3 b6 15. g4 Bb7
16. g5 Nd7 17. Ng3 Bxg5 18. fxg5 Qxg5 19. Ndf1 Ne5 20. Qd2 Qxd2+ 21. Kxd2 Ba6
22. Nf5 Nxd3 23. Rb1 Nf2 24. Rg1 Bb7 25. Nd6 Re6 26. Nxb7 Rxb7 27. Ng3 Rb8 28.
Rbf1 Nxe4+ 29. Nxe4 Rbe8 30. Re1 f5 31. Ng3 Rxe1 32. Rxe1 Rxe1 33. Kxe1 g6 34.
b4 Ne6 35. Bd5 Kf7 36. Kd2 Kf6 37. Bxe6 Kxe6 38. Kd3 Kd5 39. Ne2 g5 40. Nxd4
cxd4 41. Bxd4 h5 42. Be3 g4 43. h4 Ke5 44. a4 g3 45. a5 f4 46. axb6 axb6 47.
Bxb6 Kd6 48. Ke4 Kc6 49. Kxf4 g2 50. Bg1 Kb5 51. Kg5 1-0

[Event "Julian Mazur Memorial"]
[Site "Wellington Chess Club"]
[Date "2023.07.27"]
[Round "2.13"]
[White "Katkodia, Ali"]
[Black "Sellen, Ian"]
[Result "0-1"]
[WhiteElo "1609"]
[BlackElo "2039"]
[WhiteFideId "4321057"]
[BlackFideId "4300610"]
[PlyCount "0"]
[EventDate "2023.07.20"]
[SourceDate ""]

1. e4 c5 2. Nf3 e6 3. d4 cxd4 4. Nxd4 Nf6 5. Nc3 d6 6. a3 Nc6 7. Bb5 Bd7 8. O-O
Be7 9. Be3 Ne5 10. Bxd7+ Qxd7 11. Qe2 a6 12. h3 Rc8 13. Bd2 Nc4 14. b3 Nxd2 15.
Qxd2 Qc7 16. Nde2 O-O 17. Rfc1 Rfd8 18. Qe3 Nd7 19. Nd1 Bf6 20. Ra2 d5 21. exd5
exd5 22. c4 d4 23. Nxd4 Re8 24. Qd2 Bxd4 25. Nc3 Bxc3 26. Qxc3 Qe5 27. Qf3 Qe4
28. Qh5 Nf6 29. Qa5 Re5 30. Qc3 Rce8 31. Rd2 Qf4 32. Rcd1 Re1+ 0-1

[Event "Julian Mazur Memorial"]
[Site "Wellington Chess Club"]
[Date "2023.07.27"]
[Round "2.14"]
[White "Jackson, Ross"]
[Black "Hill, Matthew"]
[Result "1-0"]
[WhiteElo "1925"]
[BlackElo "1364"]
[WhiteFideId "4301501"]
[BlackFideId "4322142"]
[PlyCount "0"]
[EventDate "2023.07.20"]
[SourceDate ""]

1. d4 d5 2. c4 Bf5 3. Nc3 e6 4. Nf3 Bd6 5. c5 Be7 6. Bf4 c6 7. h3 g5 8. Bh2 f6
9. e3 g4 10. Nh4 Nh6 11. Nxf5 exf5 12. Bf4 Bf8 13. Be2 Rg8 14. Bxh6 Bxh6 15.
hxg4 Bf8 16. Rxh7 Qc8 17. Qa4 Qe6 18. gxf5 Qxf5 19. Rh2 Kd7 20. g4 Rxg4 21.
Bxg4 Qxg4 22. Kd2 f5 23. Nxd5 Bg7 24. Nf4 Na6 25. Rg2 Qh4 26. Rxg7+ Kc8 27. Rf1
Rb8 28. Qc4 Nc7 29. Qf7 Qd8 30. Qxf5+ Ne6 31. Qxe6+ 1-0

[Event "Julian Mazur Memorial"]
[Site "Wellington Chess Club"]
[Date "2023.07.27"]
[Round "2.15"]
[White "Grant, Elliot"]
[Black "Hall, Nathan"]
[Result "0-1"]
[WhiteElo "1200"]
[BlackElo "1895"]
[WhiteFideId "0"]
[BlackFideId "4306821"]
[PlyCount "0"]
[EventDate "2023.07.20"]
[SourceDate ""]

1. c4 Nf6 2. Nc3 g6 3. d4 Bg7 4. Nf3 O-O 5. e4 d6 6. Bf4 Nbd7 7. d5 Nc5 8. Bd3
a5 9. O-O e5 10. Be3 Nxd3 11. Qxd3 Nh5 12. h3 f5 13. Rfe1 f4 14. Bd2 g5 15. Nh2
Nf6 16. Qf3 h5 17. g4 hxg4 18. hxg4 Kf7 19. Qg2 Rh8 20. f3 Rh6 21. Kf2 c6 22.
Ke2 Qb6 23. b3 Bd7 24. Rh1 Rah8 25. Be1 Qe3+ 26. Kd1 cxd5 27. cxd5 b5 28. Rc1
Qd3+ 29. Bd2 Rh3 30. Rc2 Rg3 31. Qf2 b4 32. Ne2 Rxf3 33. Qxf3 Qxf3 34. Nxf3
Rxh1+ 35. Be1 Bb5 36. Nxg5+ Kg6 37. Ne6 f3 38. Rc7 fxe2+ 39. Kd2 Bh6+ 0-1

[Event "Julian Mazur Memorial"]
[Site "Wellington Chess Club"]
[Date "2023.07.27"]
[Round "2.16"]
[White "Rossiter, Philip E"]
[Black "Fairbrother, Rebecca"]
[Result "1-0"]
[WhiteElo "1794"]
[BlackElo "918"]
[WhiteFideId "4301455"]
[BlackFideId "0"]
[PlyCount "0"]
[EventDate "2023.07.20"]
[SourceDate ""]

1. c4 e5 2. Nc3 Nc6 3. g3 Bc5 4. Bg2 d6 5. Nf3 Nf6 6. d3 O-O 7. O-O Bf5 8. a3
Ng4 9. e3 Na5 10. b4 Nb3 11. Qxb3 Bxd3 12. bxc5 Bxf1 13. Bxf1 Qf6 14. h3 e4 15.
hxg4 Qxf3 16. Bg2 Qxg4 17. cxd6 Qe6 18. Bb2 f5 19. Nd5 Qxd6 20. Rd1 Rfd8 21.
Nf6+ Kh8 22. Rxd6 Rxd6 23. Nd5 c6 24. Qxb7 Rad8 25. Qxg7# 1-0

[Event "Julian Mazur Memorial"]
[Site "Wellington Chess Club"]
[Date "2023.07.27"]
[Round "2.17"]
[White "Aldridge, Alan"]
[Black "Farrington, Lawrence"]
[Result "1-0"]
[WhiteElo "1894"]
[BlackElo "1506"]
[WhiteFideId "4301528"]
[BlackFideId "4301749"]
[PlyCount "0"]
[EventDate "2023.07.20"]
[SourceDate ""]

1. d4 e6 2. c4 b6 3. Nf3 Bb7 4. Nc3 Bb4 5. Bg5 Nf6 6. e3 d6 7. Qa4+ Nc6 8. d5
Bxc3+ 9. bxc3 b5 10. Qxb5 exd5 11. cxd5 Kd7 12. Nd4 Rb8 13. dxc6+ Bxc6 14.
Qxc6+ Ke7 15. Bd3 Rb6 16. Qf3 Kf8 17. O-O Qe7 18. Rab1 Qe5 19. Bxf6 gxf6 20.
Rxb6 axb6 21. Nf5 d5 22. c4 dxc4 23. Qa8+ Qe8 24. Qxe8+ Kxe8 25. Bxc4 Kd7 26.
h3 Ra8 27. Rd1+ Ke8 28. Bb5+ Kf8 29. Rd7 h5 30. Rxc7 Kg8 31. Bc4 Kh7 32. Rxf7+
Kg6 33. e4 Kg5 34. g3 1-0

[Event "Julian Mazur Memorial"]
[Site "Wellington Chess Club"]
[Date "2023.07.27"]
[Round "2.18"]
[White "Thirkell, Zachary"]
[Black "Saglam, Azra Sena"]
[Result "1-0"]
[WhiteElo "1799"]
[BlackElo "1546"]
[WhiteFideId "4322207"]
[BlackFideId "4320956"]
[PlyCount "0"]
[EventDate "2023.07.20"]
[SourceDate ""]

1. d4 Nf6 2. Bg5 e6 3. e3 d5 4. Bd3 Be7 5. Nd2 h6 6. Bh4 O-O 7. c3 b6 8. f4 c5
9. Ngf3 Ng4 10. Bxe7 Qxe7 11. Qe2 Bd7 12. O-O c4 13. Bc2 f5 14. h3 Nf6 15. Ne5
Qe8 16. Qe1 Nc6 17. Nxc6 Bxc6 18. Nf3 Nd7 19. g4 g6 20. Qg3 Kh7 21. Kh1 Rh8 22.
Rg1 Nf6 23. Ne5 Rc8 24. Rac1 Ne4 25. Bxe4 dxe4 26. Nxc4 Qe7 27. Ne5 1-0

[Event "Julian Mazur Memorial"]
[Site "Wellington Chess Club"]
[Date "2023.07.27"]
[Round "2.19"]
[White "Sethuramalingam, Karthik"]
[Black "Joseph, Joji Chacko"]
[Result "1-0"]
[WhiteElo "1730"]
[BlackElo "1305"]
[WhiteFideId "4320964"]
[BlackFideId "4308816"]
[PlyCount "0"]
[EventDate "2023.07.20"]
[SourceDate ""]

1. d4 Nf6 2. c4 g6 3. Nf3 Bg7 4. g3 O-O 5. Bg2 d6 6. Nc3 Nbd7 7. O-O e5 8. e4
exd4 9. Nxd4 Ne5 10. b3 Bd7 11. Bg5 h6 12. Bxf6 Qxf6 13. Rc1 Rab8 14. Ndb5 Bxb5
15. cxb5 Nd7 16. Nd5 Qb2 17. Rxc7 Nc5 18. Ne7+ Kh7 19. Qxd6 Be5 20. Qxc5 Bxc7
21. Qxc7 Qxa2 22. Qc4 Rbd8 23. Nd5 Rc8 24. Qa4 Qxa4 25. bxa4 Rc4 26. Ra1 Rfc8
27. a5 Rc1+ 28. Rxc1 Rxc1+ 29. Bf1 Ra1 30. a6 bxa6 31. bxa6 Ra4 32. f3 Kg7 33.
Ne7 Ra3 34. Nc6 Rxf3 35. Nxa7 f5 36. exf5 Rxf5 37. Nc6 1-0

[Event "Julian Mazur Memorial"]
[Site "Wellington Chess Club"]
[Date "2023.07.27"]
[Round "2.20"]
[White "Brockway, Andrew"]
[Black "Asher, Bruce"]
[Result "1-0"]
[WhiteElo "1675"]
[BlackElo "1206"]
[WhiteFideId "4301340"]
[BlackFideId "0"]
[PlyCount "0"]
[EventDate "2023.07.20"]
[SourceDate ""]

1. e4 e5 2. Nf3 Nc6 3. d4 exd4 4. Bc4 Bc5 5. c3 Qe7 6. O-O Nf6 7. cxd4 Bb4 8.
Bg5 O-O 9. e5 d6 10. exf6 gxf6 11. Be3 Bg4 12. Nc3 Qd7 13. Nd5 Ba5 14. Nxf6+
Kh8 15. Nxd7 Rg8 16. Nf6 Bxf3 17. Qxf3 Rg7 18. Qh3 Ne7 19. Bd3 Ng6 20. Bh6 Rgg8
21. Nxg8 Rxg8 22. Qf3 Nh4 23. Qf6+ Rg7 24. Qxg7# 1-0

[Event "Julian Mazur Memorial"]
[Site "Wellington Chess Club"]
[Date "2023.07.27"]
[Round "2.21"]
[White "Osborne, Geoff"]
[Black "Ulm, Joy"]
[Result "0-1"]
[WhiteElo "1434"]
[BlackElo "1664"]
[WhiteFideId "4311485"]
[BlackFideId "4321081"]
[PlyCount "0"]
[EventDate "2023.07.20"]
[SourceDate ""]

1. e4 e5 2. Nf3 Nc6 3. d4 exd4 4. Bc4 Bc5 5. c3 Nf6 6. cxd4 Bb4+ 7. Nbd2 Nxe4
8. O-O Nxd2 9. Re1+ Be7 10. Bxd2 d5 11. Bb3 O-O 12. h3 Bf6 13. Bf4 Ne7 14. Rc1
c6 15. Be5 Ng6 16. Bg3 Re8 17. Bc2 Rxe1+ 18. Qxe1 Be6 19. Bxg6 hxg6 20. Qd2 Qb6
21. Bh4 Bxh4 22. Nxh4 Re8 23. Nf3 Bf5 24. Nh4 Bd7 25. g4 Qa6 26. a3 Qe2 27. Qf4
Qxb2 28. Nf3 Qxa3 29. Ne5 Be6 30. Kg2 a5 31. Rb1 Qe7 32. Nd3 a4 33. Nc5 b5 34.
Qf3 Rb8 35. Qc3 Qa7 36. Nxe6 fxe6 37. Qxc6 Qb6 38. Qc2 Qxd4 39. Qxg6 Qe4+ 40.
Qxe4 dxe4 41. Kf1 b4 42. Ke1 a3 43. Kd1 a2 44. Ra1 b3 0-1

[Event "Julian Mazur Memorial"]
[Site "Wellington Chess Club"]
[Date "2023.07.27"]
[Round "2.22"]
[White "Marney, John"]
[Black "Ravi, Vrajesh"]
[Result "1-0"]
[WhiteElo "1658"]
[BlackElo "1102"]
[WhiteFideId "0"]
[BlackFideId "0"]
[PlyCount "0"]
[EventDate "2023.07.20"]
[SourceDate ""]

1. e4 c5 2. Nf3 g6 3. d4 cxd4 4. Nxd4 Nc6 5. Bc4 Qa5+ 6. Bd2 Qb6 7. Nb3 e5 8.
Nc3 Na5 9. Nd5 Qa6 10. Nc7+ Kd8 11. Nxa6 bxa6 12. Bxa5+ Ke8 13. Be2 Rb8 14. O-O
Rb7 15. c4 d6 16. c5 dxc5 17. Qd8# 1-0

[Event "Julian Mazur Memorial"]
[Site "Wellington Chess Club"]
[Date "2023.07.27"]
[Round "2.24"]
[White "McConnell, Jack"]
[Black "He, Jacob"]
[Result "1-0"]
[WhiteElo "1640"]
[BlackElo "889"]
[WhiteFideId "4321871"]
[BlackFideId "4320891"]
[PlyCount "0"]
[EventDate "2023.07.20"]
[SourceDate ""]

1. e4 e5 2. Nf3 Nf6 3. Nxe5 Nxe4 {Damiano's line. More usual is 3...d6 } 4. Qe2
f5 $2 {This is an extremely dubious move, but the usual line is hard to play if
Black isn't aware of it. }  (4... Qe7 {is best, where Black will win back the
knight after } 5. Qxe4 d6) 5. Qh5+ g6 6. Nxg6 hxg6 7. Qxh8 Qe7 8. Be2 d5 9. d3
Nf6 10. Bg5 Qg7 $2 {Unfortunately this drops a piece. } 11. Bxf6 Qxh8 12. Bxh8
Be6 13. Nc3 Bb4 14. O-O Bxc3 15. Bxc3 Nc6 16. Bf3 O-O-O 17. Rfe1 Re8 18. Bxd5
Kd7 19. Bxe6+ Rxe6 20. Rxe6 Kxe6 21. Re1+ Kd7 22. h4 Kc8 23. Re8+ Kd7 24. Rg8
Ne7 25. Rg7 Ke6 26. f3 b6 27. Kf2 f4 28. Bd2 Kf6 29. Rxe7 Kxe7 30. Bxf4 c6 31.
g4 Kf6 32. h5 gxh5 33. gxh5 Kg7 34. Kg3 Kf6 35. Kg4 c5 36. c3 a6 37. d4 cxd4
38. cxd4 a5 39. h6 Kg6 40. d5 b5 41. d6 a4 42. d7 b4 43. d8=Q b3 44. Qf8 bxa2
45. Qg7# 1-0

[Event "Julian Mazur Memorial"]
[Site "Wellington Chess Club"]
[Date "2023.07.27"]
[Round "2.25"]
[White "Tan, Jin"]
[Black "Qu, Lucas"]
[Result "0-1"]
[WhiteElo "1236"]
[BlackElo "1628"]
[WhiteFideId "4320972"]
[BlackFideId "4314620"]
[PlyCount "0"]
[EventDate "2023.07.20"]
[SourceDate ""]

1. e4 e5 2. Nf3 Nc6 3. Nc3 Nf6 4. Bc4 Bc5 5. d3 d6 6. Bg5 h6 7. Bh4 g5 8. Bg3
Bg4 9. h3 Bh5 10. Bh2 Qe7 11. g4 Bg6 12. Qe2 a6 13. a3 h5 14. Nxg5 Nd4 15. Qd2
hxg4 16. O-O-O b5 17. Nd5 Nxd5 18. Bxd5 c6 19. Ba2 f6 20. c3 fxg5 21. cxd4 Bxd4
22. hxg4 a5 23. Qc2 c5 24. Bd5 Rc8 25. Qd2 b4 26. Qc2 Qd7 27. Bg3 Ke7 28. Rxh8
Rxh8 29. axb4 cxb4 30. Qe2 Qa4 31. Qc2 Qa1+ 32. Kd2 Qxb2 33. Qxb2 Bxb2 34. Rb1
Bc3+ 35. Kc2 a4 36. Bc6 a3 37. Bd5 Bf7 38. Bxf7 Kxf7 39. Kb3 Ra8 40. Ka2 Ke6
41. Rb3 d5 42. Rb1 Kd6 43. Rb3 Kc5 44. Rb1 dxe4 45. dxe4 Kd4 46. Rc1 Kxe4 47.
Rc2 Kf3 48. Rc1 Kxg4 49. Rg1 Kf3 50. Rc1 Rd8 51. Rc2 Rd2 52. Rxd2 Bxd2 53. Bxe5
Kxf2 54. Kb3 g4 55. Kc2 Be1 56. Kb3 g3 57. Bxg3+ Kxg3 58. Kc2 Kf3 59. Kb3 Ke3
60. Kc2 Kd4 61. Kb1 Kc3 62. Kc1 a2 63. Kd1 a1=Q+ 64. Ke2 b3 65. Ke3 b2 66. Ke4
b1=Q+ 67. Kd5 Qa4 68. Kc5 Qa5+ 69. Kd6 Qbb6+ 70. Kd7 Qaa7+ 71. Ke8 Qbb8# 0-1

[Event "Julian Mazur Memorial"]
[Site "Wellington Chess Club"]
[Date "2023.07.27"]
[Round "2.26"]
[White "He, Zachary"]
[Black "Lavender, Ariel"]
[Result "1-0"]
[WhiteElo "1150"]
[BlackElo "1603"]
[WhiteFideId "4320905"]
[BlackFideId "0"]
[PlyCount "0"]
[EventDate "2023.07.20"]
[SourceDate ""]

1. e4 Nf6 2. e5 Nd5 3. d4 Nc6 4. Nf3 d6 5. exd6 exd6 6. Bc4 Nb6 7. Nbd2 Bf5 8.
O-O Qf6 9. c3 O-O-O 10. Re1 g5 11. d5 Ne7 12. Qb3 Qg6 13. Nd4 Bd3 14. Bxd3 Qxd3
15. Re3 Qg6 16. Nc4 Nexd5 17. Nxb6+ Nxb6 18. Rf3 d5 19. Be3 g4 20. Rf5 Bc5 21.
Rg5 Qe4 22. Qc2 h5 23. Qxe4 dxe4 24. Rxc5 Na4 25. Ra5 Nxb2 26. Rxa7 Kd7 27.
Rxb7 Nd3 28. Nb5 1-0

[Event "Julian Mazur Memorial"]
[Site "Wellington Chess Club"]
[Date "2023.07.27"]
[Round "2.28"]
[White "Milsom, Marcel"]
[Black "Evans, Oliver"]
[Result "0-1"]
[WhiteElo "1000"]
[BlackElo "1571"]
[WhiteFideId "0"]
[BlackFideId "4311949"]
[PlyCount "0"]
[EventDate "2023.07.20"]
[SourceDate ""]

1. d4 Nf6 2. c4 e6 3. Nf3 Bb4+ 4. Nc3 c5 5. e3 O-O 6. Bd3 Bxc3+ 7. bxc3 Qc7 8.
Ne5 d6 9. Ng4 Nbd7 10. e4 Nxg4 11. Qxg4 Nf6 12. Qh4 e5 13. dxe5 dxe5 14. O-O
Bg4 15. Bg5 Qd7 16. f3 Be6 17. Rfd1 Qe7 18. Bxf6 Qxf6 19. Qxf6 gxf6 20. Rd2 h5
21. h3 Rad8 22. Rad1 Kh8 23. g4 hxg4 24. hxg4 Kg7 25. Be2 Rc8 26. Rd6 Rh8 27.
Rf1 Rcd8 28. Rxd8 Rxd8 29. f4 Rd2 30. Rf2 Rxa2 31. f5 Bd7 32. Rg2 Bc6 33. Bf3
Rxg2+ 34. Kxg2 Ba4 35. Kh3 Bb3 36. Kh4 a5 37. g5 fxg5+ 38. Kxg5 f6+ 39. Kg4 a4
0-1

[Event "Julian Mazur Memorial"]
[Site "Wellington Chess Club"]
[Date "2023.07.27"]
[Round "2.29"]
[White "Mavaram, Eashan"]
[Black "Chakravorty, Ushnisin"]
[Result "1-0"]
[WhiteElo "1000"]
[BlackElo "1000"]
[PlyCount "25"]
[EventDate "2023.07.27"]
[SourceDate "2023.07.27"]

1. d4 Nf6 2. Nf3 d5 3. e3 Nc6 4. a3 e6 5. Bd3 Bd6 6. O-O e5 7. Nxe5 Bxe5 8.
dxe5 Nxe5 9. f3 d4 10. exd4 Qxd4+ 11. Kh1 Nxd3 12. Re1+ Nxe1 13. Qxd4 1-0